Statistiques concernant Culture cinématographique - Série 07

Cliquez ici pour prendre le quiz!

Statistiques générales

  • Ce quiz a été pris 230 fois
  • Le résultat moyen est 6 sur 10

Statistiques - réponses

QuestionRéponse% Correct
Dans le film "Minority report" réalisé par Steven Spielberg en 2002, qui incarnait le rôle de "John Anderton de l'unité Précrime de Washington" ?Tom Cruise
89%
Dans le film "Bodyguard" réalisé par Mick Jackson en 1992, qui incarnait le rôle de " Rachel Marron" ?Whitney Houston
77%
Dans le film "Le fugitif" réalisé par Andrew Davis en 1993, qui incarnait le rôle du " docteur Richard Kimble" ?Harrison Ford
75%
Dans le film "Bodyguard" réalisé par Mick Jackson en 1992, qui incarnait le rôle de " Frank Farmer" ?Kevin Costner
75%
Dans le film "Le tatoué" réalisé par Denys de La Patellière en 1968, qui incarnait le rôle du " comte Enguerand, Louis, Marie de Montignac, plus connu sous son nom de légionnaire, « Legrain » ?Jean Gabin
63%
Dans le film "Le dernier tango à Paris" réalisé par Bernardo Bertolucci en 1972, qui jouait le rôle de "Paul" ?Marlon Brando
60%
Dans le film "Le fugitif" " réalisé par Andrew Davis en 1993, qui incarnait le rôle du "marshal Samuel Gerard" ?Tommy Lee Jones
51%
Dans le film "Le dernier tango à Paris" réalisé par Bernardo Bertolucci en 1972, qui jouait le rôle de "Jeanne" ?Maria Schneider
33%
Dans la série des films "Emmanuelle" réalisés par Just Jaeckin dans les années 70, qui incarnait le rôle d'Emmanuelle ?Sylvia Kristel
32%
Dans le film "La ligne rouge" réalisé par Terrence Malick en 1999, qui incarnait le rôle du "soldat Witt" ?Jim Caviezel
11%

Distribution des résultats

Percentile par nombre de réponses

% des personnes avec chaque résultat

Votre développement - résultats

Vous n’avez pas pris ce quiz